Datum a čas kvízu
22.5
Celkem bodů
Celkový počet nahraných bodů na tomto kvízu bez doplňovacích otázek.
5.
Pořadí na kvízu
Konečné umístění týmu na tomto kvízu.
Zaznamenané odpovědi
| # | Otázka | Odpověď | Body | Výsledky |
|---|---|---|---|---|
| 1. | Od pondělí do čtvrtka brázdila... | Formule 1 | 1 | |
| 2. | V českých médiích se minulý tý... | kozy (a kozly) | 0 | |
| 3. | 39letá americká zpěvačka natoč... | Katy Perry | 0 | |
| 4. | V pondělí prohlásila polská sp... | CZC.cz | 0 | |
| 5. | 21letá Andrea Klementová z Tře... | přeplavala kanál La Manche | 0 | |
| 6. | Na konci kterého amerického fi... | Hudbu složil, slova napsal (Music and Lyrics) | 0 | |
| 7. | Francouzská hudební komedie s... | Piti Piti Pa | 1 | |
| 8. | Animovaný hudební film Alvin a... | Simon a Theodor | 0 | |
| 9. | Horečka sobotní noci se pojí s... | Bee Gees | 1 | |
| 10. | Jak se jmenuje československý... | Kdyby tisíc klarinetů | 1 |